Повышение быстродействия шестеренного пневматического двигателя[горной машины]; Механика машин; Вып. 49

Podrobná bibliografie
Parent link:Механика машин
Вып. 49.— 1975.— С. 96-99
Hlavní autor: Алимов О. Д.
Další autoři: Гаращук Г. Н., Шубович С. И.
Jazyk:ruština
Vydáno: 1975
Témata:
Médium: MixedMaterials Kapitola
KOHA link:https://koha.lib.tpu.ru/cgi-bin/koha/opac-detail.pl?biblionumber=594708

MARC

LEADER 00000naa0a2200000 4500
001 594708
005 20250213094548.0
035 |a (RuTPU)RU\TPU\tpu\11508 
090 |a 594708 
100 |a 20040205d1975 k||y0rusy50 ca 
101 0 |a rus 
102 |a RU 
200 1 |a Повышение быстродействия шестеренного пневматического двигателя[горной машины]  |f О. Д. Алимов, Г. Н. Гаращук, С. И. Шубович 
461 |t Механика машин 
463 |t Вып. 49  |v С. 96-99  |d 1975 
610 1 |a пневматические двигатели 
610 1 |a повышение быстродействия 
610 1 |a труды учёных ТПУ 
700 1 |a Алимов  |b О. Д. 
701 1 |a Гаращук  |b Г. Н. 
701 1 |a Шубович  |b С. И. 
801 1 |a RU  |b 63413507  |c 20040205  |g PSBO 
801 2 |a RU  |b 63413507  |c 20100319  |g PSBO 
942 |c CR